Cultura y conquista. La herencia española de América.
Furkejuvvon:
| Váldodahkki: | |
|---|---|
| Eará dahkkit: | |
| Materiálatiipa: | Girji |
| Giella: | espánnjágiella |
| Almmustuhtton: |
Xalapa, México.
Universidad Veracruzana,
1985.
|
| Preanttus: | Segunda edición. |
| Ráidu: | Biblioteca Universidad Veracruzana.
|
| Fáttát: | |
| Fáddágilkorat: |
Lasit fáddágilkoriid
Eai fáddágilkorat, Lasit vuosttaš fáddágilkora!
|
MARC
| LEADER | 00000nam a2200000 a 4500 | ||
|---|---|---|---|
| 001 | UCL3631 | ||
| 003 | CL-VaPUC | ||
| 005 | 20240125113209.0 | ||
| 008 | 031205e19850000MX |||||||||||||||||spa|d | ||
| 999 | |c 306648 |d 306646 | ||
| 020 | |a 968-838-026-X | ||
| 040 | |c Pontificia Universidad Católica de Valparaíso | ||
| 082 | 0 | 4 | |a 303.482 FOS 1985 |2 21 |
| 100 | 0 | |a Foster, George McClelland |e autor |9 480988 | |
| 245 | 1 | 0 | |a Cultura y conquista. |b La herencia española de América. |
| 250 | |a Segunda edición. | ||
| 260 | |a Xalapa, México. |b Universidad Veracruzana, |c 1985. | ||
| 300 | |a 467 páginas. | ||
| 490 | 0 | |a Biblioteca Universidad Veracruzana. | |
| 500 | |a c.2 Donación Familia Prof. Alejandro Guzmán Brito. | ||
| 583 | |a last modification |c 20031205 00:00:00 |k Rodrigo Vera | ||
| 650 | 0 | |a Cultura |9 269059 | |
| 650 | 0 | |a Sociología |9 255410 | |
| 650 | 0 | |a Antropología cultural y social |9 265143 | |
| 650 | 0 | |a Cambio social |9 256857 | |
| 700 | |a Carrasco Castro, Carlos Antonio |9 839270 |e traducción | ||
| 942 | |c BK |2 ddc |n 0 | ||
| 945 | |d 20031205 00:00:00 |a vberengu | ||
| 952 | |0 0 |1 0 |4 0 |6 303_482000000000000_FOS_1985 |7 0 |8 A |9 371816 |a BIBTEO |b BIBTEO |d 2019-11-21 |i 2096528 |l 1 |o 303.482 FOS 1985 |p 2096528 |r 2025-01-17 |s 2023-09-25 |w 2019-11-21 |y BK |k ICR | ||